| 000 | 00806nam a22002297a 4500 | ||
|---|---|---|---|
| 005 | 20080923102150.0 | ||
| 008 | 080923t xxu||||| |||| 00| 0 eng d | ||
| 010 | _aENG-91021 | ||
| 020 |
_a8175101539 _c125.00 |
||
| 035 | _aEN-74554 | ||
| 037 | _bDBAD / PUB | ||
| 040 |
_adpl _bEnglish |
||
| 082 | _a881 | ||
| 100 | _aJayanthi Manoj | ||
| 245 |
_aSketches: _bfrom the pages of my diary (poems) / _cby Jayanthi Manoj |
||
| 260 |
_aNew Delhi _bReliance Publishing House _c2008 |
||
| 270 |
_a3026/7H, South Palel Nagar, _bNew Delhi _e110008 |
||
| 300 |
_axiv, 66p. _c22 cm (Hb) |
||
| 650 | _aEnglish poetry | ||
| 942 |
_2ddc _cEN _mJAY _h881 |
||
| 999 |
_c15571 _d15571 |
||